MARC details
| 000 -LEADER |
| fixed length control field |
01647cam a2200421 i 4500 |
| 001 - CONTROL NUMBER |
| control field |
20358990 |
| 003 - CONTROL NUMBER IDENTIFIER |
| control field |
OSt |
| 005 - DATE AND TIME OF LATEST TRANSACTION |
| control field |
20190930194250.0 |
| 008 - FIXED-LENGTH DATA ELEMENTS--GENERAL INFORMATION |
| fixed length control field |
180215t20162016ja a 000 0 eng d |
| 010 ## - LIBRARY OF CONGRESS CONTROL NUMBER |
| LC control number |
2016478463 |
| 020 ## - INTERNATIONAL STANDARD BOOK NUMBER |
| International Standard Book Number |
9780804844918 (v. 1 : paperback) |
| 020 ## - INTERNATIONAL STANDARD BOOK NUMBER |
| International Standard Book Number |
0804844917 (v. 1 : paperback) |
| 035 ## - SYSTEM CONTROL NUMBER |
| System control number |
(OCoLC)ocn972901188 |
| 040 ## - CATALOGING SOURCE |
| Original cataloging agency |
PNX |
| Language of cataloging |
eng |
| Transcribing agency |
PNX |
| Description conventions |
rda |
| Modifying agency |
OCLCO |
| -- |
FM0 |
| -- |
OCLCF |
| -- |
NZAUC |
| -- |
YDX |
| -- |
DLC |
| 041 0# - LANGUAGE CODE |
| Language code of text/sound track or separate title |
eng |
| -- |
chi |
| 042 ## - AUTHENTICATION CODE |
| Authentication code |
lccopycat |
| 050 00 - LIBRARY OF CONGRESS CALL NUMBER |
| Classification number |
PL1171 |
| Item number |
.R46 2017 |
| 082 04 - DEWEY DECIMAL CLASSIFICATION NUMBER |
| Classification number |
2016 |
| Edition number |
DC 495.111 |
| Item number |
R290 |
| 100 1# - MAIN ENTRY--PERSONAL NAME |
| Personal name |
Ren, Yi, |
| Relator term |
author. |
| 9 (RLIN) |
40077 |
| 245 10 - TITLE STATEMENT |
| Title |
Learning Mandarin Chinese characters: |
| Number of part/section of a work |
Volume 1/ |
| Statement of responsibility, etc. |
Yi Ren. |
| 264 #1 - PRODUCTION, PUBLICATION, DISTRIBUTION, MANUFACTURE, AND COPYRIGHT NOTICE |
| Place of production, publication, distribution, manufacture |
Clarendon, VT: |
| Name of producer, publisher, distributor, manufacturer |
Tuttle Publishing, |
| 264 #4 - PRODUCTION, PUBLICATION, DISTRIBUTION, MANUFACTURE, AND COPYRIGHT NOTICE |
| Date of production, publication, distribution, manufacture, or copyright notice |
©2016. |
| 300 ## - PHYSICAL DESCRIPTION |
| Extent |
128 pages; |
| Dimensions |
26 cm. |
| 336 ## - CONTENT TYPE |
| Content type term |
text |
| Source |
rdacontent |
| 337 ## - MEDIA TYPE |
| Media type term |
unmediated |
| Source |
rdamedia |
| 338 ## - CARRIER TYPE |
| Carrier type term |
volume |
| Source |
rdacarrier |
| 500 ## - GENERAL NOTE |
| General note |
Include index. |
| 520 ## - SUMMARY, ETC. |
| Summary, etc. |
"This new workbook helps you to learn the basic Mandarin chinese characters and vocabulary that all beginning students need to know"-- Back cover. |
| 650 #0 - SUBJECT ADDED ENTRY--TOPICAL TERM |
| Topical term or geographic name as entry element |
Chinese characters. |
| 9 (RLIN) |
40078 |
| 650 #0 - SUBJECT ADDED ENTRY--TOPICAL TERM |
| Topical term or geographic name as entry element |
Chinese language |
| Form subdivision |
Textbooks for foreign speakers |
| General subdivision |
English. |
| 9 (RLIN) |
40079 |
| 650 #0 - SUBJECT ADDED ENTRY--TOPICAL TERM |
| Topical term or geographic name as entry element |
Mandarin dialects. |
| 9 (RLIN) |
40080 |
| 650 #7 - SUBJECT ADDED ENTRY--TOPICAL TERM |
| Topical term or geographic name as entry element |
Chinese characters. |
| Source of heading or term |
fast |
| Authority record control number |
(OCoLC)fst00857298 |
| 9 (RLIN) |
40078 |
| 650 #7 - SUBJECT ADDED ENTRY--TOPICAL TERM |
| Topical term or geographic name as entry element |
Chinese language. |
| Source of heading or term |
fast |
| Authority record control number |
(OCoLC)fst00857383 |
| 9 (RLIN) |
40081 |
| 655 #7 - INDEX TERM--GENRE/FORM |
| Genre/form data or focus term |
Textbooks |
| Form subdivision |
for English speakers. |
| Source of term |
fast |
| Authority record control number |
(OCoLC)fst01423865 |
| 9 (RLIN) |
40082 |
| 906 ## - LOCAL DATA ELEMENT F, LDF (RLIN) |
| a |
7 |
| b |
cbc |
| c |
copycat |
| d |
2 |
| e |
ncip |
| f |
20 |
| g |
y-gencatlg |
| 942 ## - ADDED ENTRY ELEMENTS (KOHA) |
| Source of classification or shelving scheme |
Dewey Decimal Classification |
| Koha item type |
Circulation |